Health seeking behaviour and provider's efficiency status: (Record no. 14766)

MARC details
000 -LEADER
fixed length control field 00564nam a2200145Ia 4500
082 ## - DEWEY DECIMAL CLASSIFICATION NUMBER
Classification number RB.0264
100 ## - MAIN ENTRY--AUTHOR NAME
Personal name Bhattacharya, Subhasis
245 #0 - TITLE STATEMENT
Title Health seeking behaviour and provider's efficiency status:
Sub Title a comparative study between Jalpaiguri and Cooch Behar District of West Bengal
260 ## - PUBLICATION, DISTRIBUTION, ETC. (IMPRINT)
Year of publication 0
Name of publisher Indian Council of Social Science Research, New Delhi
300 ## - PHYSICAL DESCRIPTION
Number of Pages xii, 182p
504 ## - BIBLIOGRAPHY, ETC. NOTE
Bibliography, etc Includes references
650 ## - SUBJECT ADDED ENTRY--TOPICAL TERM
Topical Term Jalpaiguri and Cooch Behar
Form subdivision Public health
650 ## - SUBJECT ADDED ENTRY--TOPICAL TERM
Topical Term Public health
Geographic subdivision India
-- West Bengal
-- Cooch Behar
-- Jalpaiguri
942 ## - ADDED ENTRY ELEMENTS (KOHA)
Koha item type Research Reports
Source of classification or shelving scheme Dewey Decimal Classification
Holdings
Withdrawn status Lost status Damaged status Not for loan Collection code Home library Current library Date acquired Source of acquisition Full call number Accession Number Price effective from Koha item type
      Not For Loan Minor Research project Reports NASSDOC Library NASSDOC Library 23/09/2017 Gifted by : RP Division, ICSSR RB.0264 49354 18/04/2019 Research Reports